12 Crus du Beaujolais - Statistiques

Statistiques générales
  • Ce quiz a été pris 102 fois
  • Le résultat moyen est 9 sur 12
Statistiques - réponses
Départements Crus % Correct
Saône-et-Loire Saint-Amour
90%
Rhône Morgon
88%
Rhône Brouilly
83%
Saône-et-Loire et Rhône Juliénas
78%
Rhône Chiroubles
73%
Saône-et-Loire et Rhône Moulin à Vent
73%
Saône-et-Loire et Rhône Beaujolais
70%
Rhône Côte de Brouilly
69%
Rhône Fleurie
66%
Saône-et-Loire et Rhône Chénas
65%
Saône-et-Loire et Rhône Beaujolais-Village
61%
Rhône Régnié
61%
Aucun quiz correspondant
Distribution des résultats
% des personnes avec chaque résultat
Percentile par nombre de réponses
Votre historique - résultats
Vous n’avez pas pris ce quiz